Loading...
History - US History | 1 | 6 | 0 | 2 | 75 | 73 | 110.14 | 2 | 5 |
History - Other History | 2 | 4 | 1 | 0 | 65 | 55 | 91.00 | 2 | 4 |
Beliefs | 0 | 4 | 1 | 1 | 35 | 123 | 145.50 | 0 | 2 |
History - World History | 1 | 2 | 2 | 0 | 25 | 73 | 93.67 | 1 | 3 |
History - European History | 0 | 3 | 2 | 0 | 20 | 92 | 107.00 | 0 | 2 |
Geography | 1 | 1 | 1 | 0 | 20 | 55 | 95.00 | 1 | 1 |
Fine Arts - Other Fine Arts | 0 | 2 | 1 | 0 | 15 | 112 | 117.00 | 0 | 0 |
Modern World | 0 | 1 | 0 | 1 | 10 | 149 | 149.00 | 0 | 0 |
Science - Biology | 0 | 1 | 0 | 1 | 10 | 145 | 145.00 | 0 | 0 |
Science - Earth Science | 0 | 1 | 0 | 0 | 10 | 134 | 134.00 | 0 | 0 |
Social Science | 0 | 0 | 1 | 0 | -5 | 0.00 | 0 | 0 |